000
00220 a2200097 4500
001
34734
100
_a
Williams C S
245
_a
Designing Digital Filters
260
_a
USA
_b
Prentice hall Inc
_c
090
_c
23016
_d
23016
942
_a
NUST-CAE
_c
M
_c
14466
999
_c
269807
_d
269807